000 00974cam a2200265 a 4500
001 82555
003 BD-RjUL
005 20231227121439.0
008 231227s1954 enk 000 0 eng d
035 _a[BD-RjUL]82555
040 _aANL
_beng
_cANL
_dNU
041 _aeng
082 0 4 _a823.7
_223
_bAUW 1954
100 1 _aAusten, Jane,
_d1775-1817.
_910738
245 1 4 _aThe works of Jane Austen :
_b... minor works /
_cnow first collected and edited from the manuscripts by R. W. Chapman ; with illustrations from contemporary sources.
260 _aLondon :
_bOxford University Press,
_c1954.
300 _aV.; [viii, 474] p. :
_b5 plates ;
_c19 cm.
490 0 _aThe Oxford illustrated Jane Austen
500 _aPrinter: Charles Batey.
500 _aThis volume, vol. VI, and the last are the only volumes in the D.N.S. collection.
504 _aVol. vi. minor works
600 _aAusten, Jane
700 1 _aChapman, Robert William,
_d1881-
_910740
942 _2ddc
_cBK
999 _c82555
_d82555